Т. 3: Крейслериана. Житейские воззрения Кота Мурра; Избранные произведения

Bibliographic Details
Parent link:Гофман, Эрнст Теодор Амадей. Избранные произведения: в 3 т: пер. с нем.. Т. 3: Крейслериана. Житейские воззрения Кота Мурра.— , 1962
Language:Russian
Published: 1962
Subjects:
Format: Book
KOHA link:https://koha.lib.tpu.ru/cgi-bin/koha/opac-detail.pl?biblionumber=92994

MARC

LEADER 00000nam2a2200000 4500
001 92994
005 20231031104950.0
035 |a (RuTPU)RU\TPU\book\99602 
090 |a 92994 
100 |a 20060323d1962 m y0rusy50 ca 
101 1 |a rus  |c ger 
102 |a RU 
105 |a a z 000ay 
200 0 |a Т. 3: Крейслериана. Житейские воззрения Кота Мурра 
210 |d 1962 
215 |a 520 с.  |c ил. 
461 1 |0 (RuTPU)RU\TPU\book\99601  |t Избранные произведения  |o в 3 т: пер. с нем.  |v Т. 3: Крейслериана. Житейские воззрения Кота Мурра  |d 1962  |a Гофман, Эрнст Теодор Амадей 
610 1 |a немецкая литература 
610 1 |a романы 
675 |a 83  |v 3 
801 1 |a RU  |b 63413507  |c 20060323  |g PSBO 
801 2 |a RU  |b 63413507  |c 20100512  |g PSBO 
942 |c BK